Citáty slávnych

Podrobná bibliografia
Hlavný autor: Lenčová, Žofia (Autor adaptácie, Zostavovateľ, kompilátor)
Médium: Kniha
Jazyk:slovenčina
Fyzický popis:183 s. 15 cm
Vydavateľské údaje: Žilina Knižné centrum c2001
ISBN:8080641013
Predmet:

MARC

LEADER 00000cam a2200000 a 4500
001 vtls001433556
003 SK-MaSNL
005 20260301162730.0
008 240226s2001 xo g 001 0 slo
015 |a SNBA2002/08-02594 
020 |a 8080641013 
035 |a SNK000388626 
035 |a urn:nbn:sk:snk-am3hv2g 
035 |a 8AF8063C-29EB-43C2-9314-49D4EC259352 
035 |a urn:nbn:sk:snk-am00da15 
040 |a SNK  |b slo  |c SNK  |e AACR2 
041 0 |a slo 
044 |a xo  |c SK 
080 |a 820/899 (100)-84  |2 1981 
245 0 0 |a Citáty slávnych  |c [vybrala a zostavila Žofia Lenčová] 
260 |a Žilina  |b Knižné centrum  |c c2001 
300 |a 183 s.  |c 15 cm 
500 |a Údaj o zost. prevzatý z rubu tit. strany 
504 |a Reg. 
650 0 7 |a citáty  |2 SNKPH  |9 75180 
655 7 |a zbierky  |2 SNKPH  |9 70533 
700 1 |a Lenčová, Žofia  |4 adp  |4 com  |9 22102 
919 |a 80-8064-101-3 
958 |a TL 
958 |a LX 
999 |c 814304  |d 816234 
952 |t P60, <03>, [BOOK], {603}  |a SNK  |b SNK  |y PREZ  |7 0  |p 17A0342911  |o snkSE 10141  |i snkKSP 5976/2002  |0 0  |1 0  |4 0  |d 2002-05-07  |f 1  |l 0  |r 2005-01-02 00:00:00  |w 2026-02-24 
952 |t P60, <04>, [BOOK], {604}  |a SNK  |b SNK  |y VYP  |7 0  |p 17A0342912  |o snkSE 10141 D1  |i snkKSP 5977/2002  |0 0  |1 0  |4 0  |d 2002-05-07  |l 0  |r 2005-01-02 00:00:00  |w 2026-02-24